000 00723nam a2200217 i 4500
001 37725
003 ES-MaACL
005 20230906155631.0
007 t|
008 030221s1885 sp ||||1| spa d
080 _a821.134.2-82"17"
100 1 _aCadalso, José (
_d1741-1782)
_933373
245 1 0 _aObras escogidas de D. José Cadalso con una advertencia preliminar.
260 _aBarcelona :
_bDaniel Cortezo y Cª,
_c1885.
300 _a336 p. ;
_c21 cm.
490 1 _aBiblioteca clásica española
830 0 _aBiblioteca clásica española
_9182443
852 _aES-MaACL
_jB-743
852 _aES-MaACL
_jE-13169
_z.- Enc. editorial en tela grabada cromolit.
_z.- Legado M. de la Fuente
999 _c37725
_d37725